000 00541nam a2200205 i 4500
001 57445
003 ES-MaACL
005 20230906163558.0
007 t|
008 031016s1967 mx ||||1| spa d
100 1 _aDroguett, Carlos.
_945654
245 1 3 _aEl compadre /
_cCarlos Droguett.
250 _a[1ª ed.].
260 _a[México :
_bJoaquín Mortiz,
_c1967]
300 _a204 p. ;
_c18 cm.
490 1 _aSerie del volador
830 0 _aSerie del volador
_9181075
852 _aES-MaACL
_jA-5709
_bR.94051
999 _c57445
_d57445